| 000 | 00644nam a2200193 4500 | ||
|---|---|---|---|
| 999 |
_c160585 _d160585 |
||
| 005 | 20190205152337.0 | ||
| 010 | _aENG-124738 | ||
| 020 |
_a9789381234785 _c895.00 |
||
| 035 | _aEN-108270 | ||
| 037 | _bDBAD/PUB | ||
| 082 | _a303.4825405493 | ||
| 100 | _aAshraf Rather,Mohd | ||
| 245 |
_aIndia sri lanka relations/ _cby Mohd.Rather |
||
| 260 |
_aDelhi _bAnkit Publications _c2018 |
||
| 270 |
_aR-69, 3rd floor, Model Town-3 _bDelhi _e110009 _k09891553405 _mankitpublications@gmail.com |
||
| 300 |
_a263p. _c22cm(Hb) |
||
| 500 | _aIt includes bibliographical references and index | ||
| 942 |
_2ddc _cEN _e1 _h303.4825405493 _mASH |
||